LEADER 01280nam a2200289 a 4500 001 000000111563 003 CaOOAMICUS 005 20080509113519.0 008 080509s2007 it u001 u ita d 020 $a88-7263-297-8 040 $aPUU$bita$dcg$dPUL$dLDB 245 00$aPietra che cammina :$bdiventare comunità oggi /$ca cura di U. Margiotta, P. Zuppa, S. Calabrese. 260 $aRoma :$bVivere In,$cstampa 2007. 300 $a431 p. ;$c24 cm. 490 1 $aQuaderni dell'Istituto pastorale pugliese ;$v02 650 14$aTeologia pastorale.$0(OLS)http://pul/subject/1301 700 1 $aZuppa, Pio.$0(OLS)http://pul/name/67667 700 1 $aCalabrese, Savino.$0(OLS)http://pul/name/68558 700 1 $aMargiotta, Umberto.$0(OLS)http://pul/name/68557 830 0$aQuaderni dell'Istituto pastorale pugliese ;$v02.$0(OLS)http://pul/title/140229 850 $aPUL 852 $aPUL$W1$xSL Religione 3$y85$m253 MARGU 1$j127896$qDDC 21$q $B126600$CPULBib$Z2$F126600 $H107304 $81 941 1 $a9 960 $aPastorale$91301 996 $6020$a88-7263-297-8$9(OLS)http://pul/number/138026 996 $6245$aPietra che cammina :$bdiventare comunità oggi$9(OLS)http://pul/title/140330 996 $6260$aRoma :$bVivere In$9(OLS)http://pul/publisher/51484 LEADER 01102nam a2200277 a 4500 001 000000126179 003 CaOOAMICUS 005 20110906095834.0 008 110906s2011 it adk u000 u ita r 040 $aPUL$bita 082 04$a510 245 00$aCurve pericolose :$bellissi, iperbole e altre meraviglie geometriche. 260 $aMilano :$bRBA Italia,$c©2011. 300 $a159 p. :$bill., grafici, form., ;$c24 cm 490 1 $aMondo matematico 500 $aInclude indice. 504 $aBibliografia p. 155. 650 4$aGeometria.$0(OLS)http://pul/subject/17072 830 0$aMondo matematico (RBA Italia).$0(OLS)http://pul/title/156832 850 $aPUL 852 $aPUL$W1$xDP2 Cons. Gen., Altre Classi 3$y97$m510 COLL 1.28$j145516$qDDC 21$B144386$CPULBib$Z2$F144386 $H117924 $82 941 1 $a9 996 $6082$a510$9(OLS)http://pul/classification/517 996 $6245$aCurve pericolose :$bellissi, iperbole e altre meraviglie geometriche$9(OLS)http://pul/title/159335 996 $6260$aMilano :$bRBA Italia$9(OLS)http://pul/publisher/80118